| 000 | 02019nam1a2200313 i 4500 | ||
|---|---|---|---|
| 001 | RU\NLR\b_ik\110285 | ||
| 005 | 20241225152645.0 | ||
| 035 | _a(NLR Aleph) 002184012 | ||
| 090 |
_a2821679 _c2821679 |
||
| 100 | _a20040406d2003 u y0rusy50 ba | ||
| 101 | 0 | _aeng | |
| 102 | _aRU | ||
| 105 | _a||||z ||||| | ||
| 200 | 1 |
_aStatement and well-posedness investigation of modified mixed problems on shock waves stability in a viscous gas _fA.M. Blokhin, D.L. Tkachev |
|
| 210 |
_aНовосибирск _cИн-т математики им. С.Л. Соболева СО РАН _d2003 |
||
| 215 | _d28 | ||
| 225 | 1 |
_aПрепринт _fРос. акад. наук. Сиб. отд-ние. Ин-т математики им. С.Л. Соболева _v... |
|
| 300 | _aВ вып. дан.: Постановка и исследование корректности модифицированных смешанных задач об устойчивости ударных волн в вязком газе / Блохин Александр Михайлович, Ткачев Дмитрий Леонидович | ||
| 463 | 1 |
_1001RU\NLR\b_ik\108125 _1200##$aPt. 2 _0RU\NLR\b_ik\108125 _92794390 _cБ. м. _d2003 _p16 с. _tStatement and well-posedness investigation of modified mixed problems on shock waves stability in a viscous gas. - Pt. 2 |
|
| 463 | 0 |
_1001RU\NLR\b_ik\113856 _0RU\NLR\b_ik\113856 _92866941 _cБ. м. _d2002 _p22 c. _tPt. 1 |
|
| 517 | 0 | _aПостановка и исследование корректности модифицированных смешанных задач об устойчивости ударных волн в вязком газе | |
| 606 | 0 |
_aУдарные волны в газах _xУстойчивость _91825343 _3RU\NLR\AUTH\661117181 |
|
| 686 | 4 | _aВ253.333.3 | |
| 700 | 1 |
_aBlochin _bA. M. _gAleksandr Michajlovič _4070 |
|
| 701 | 1 |
_aTkačev _bD. L. _gDmitrij Leonidovič _4070 |
|
| 801 | 0 |
_aRU _bNLR _c20040406 _gPSBO |
|
| 852 |
_aNLR _bИк _j2004-8/87 |
||
| 942 | _cBOOK | ||